Southville International School and Colleges
Your cart is empty.
  • Cart
  • Lists
    Public lists Eva Luna New books Lux_list list_1
    Your lists Log in to create your own lists
  • Log in to your account
  • Your cookies
  • Search history
Southville International School and Colleges
  • Advanced search
  • Recent comments
  • Most popular
  • Libraries

Log in to your account

Log in with GOOGLE


If you do not have an external account, but do have a local account, you can still log in:

  1. Home
  2. MARC view: Icons /
Normal view MARC view ISBD view

Icons / (Record no. 287816)

[ view plain ]
MARC details
000 -LEADER
fixed length control field 00539nam a2200181Ia 4500
008 - FIXED-LENGTH DATA ELEMENTS--GENERAL INFORMATION
fixed length control field 150610s9999 xx 000 0 und d
020 ## - INTERNATIONAL STANDARD BOOK NUMBER
International Standard Book Number 9780316247214
050 ## - LIBRARY OF CONGRESS CALL NUMBER
Classification number PZ7
Item number .S86985Ic2013
100 ## - MAIN ENTRY--PERSONAL NAME
Personal name Stohl, Margaret
245 ## - TITLE STATEMENT
Title Icons /
Statement of responsibility, etc Margaret Stohl.
250 ## - EDITION STATEMENT
Edition statement 1st ed.
260 ## - PUBLICATION, DISTRIBUTION, ETC. (IMPRINT)
Place of publication, distribution, etc New York :
Name of publisher, distributor, etc  Little, Brown Books for Young Readers,
Date of publication, distribution, etc 2013.
300 ## - PHYSICAL DESCRIPTION
Extent 428pages ;
Dimensions 21 cm.
520 ## - SUMMARY, ETC.
Summary, etc Science fiction.
650 ## - SUBJECT ADDED ENTRY--TOPICAL TERM
Topical term or geographic name as entry element Extraterrestrial beings
Topical term following geographic name as entry element Fiction.
650 ## - SUBJECT ADDED ENTRY--TOPICAL TERM
Topical term or geographic name as entry element Insurgency
General subdivision Fiction.
650 ## - SUBJECT ADDED ENTRY--TOPICAL TERM
Topical term or geographic name as entry element Survival
General subdivision Fiction.
Holdings
Withdrawn status Lost status Damaged status Home library Current library Shelving location Date acquired Total Checkouts Full call number Barcode Date last seen Price effective from Koha item type
      Stonyhurst Southville International School (Batangas) Stonyhurst Southville International School (Batangas) High School Section 06/10/2015   PZ7.S86985Ic2013 US-2101 06/10/2015   Books

Icons /

APA

Stohl M., . (2013). Icons. New York: Little, Brown Books for Young Readers.

Chicago

Stohl Margaret, . 2013. Icons. New York: Little, Brown Books for Young Readers.

Harvard

Stohl M., . (2013). Icons. New York: Little, Brown Books for Young Readers.

MLA

Stohl Margaret, . Icons. New York: Little, Brown Books for Young Readers. 2013.

  • Place hold
  • Print
  • Cite
  • Add to your cart (remove)
  • Save record
    BIBTEX Dublin Core MARCXML MARC (non-Unicode/MARC-8) MARC (Unicode/UTF-8) MARC (Unicode/UTF-8, Standard) MODS (XML) RIS
  • More searches
    Search for this title in:
    Other Libraries (WorldCat) Other Databases (Google Scholar) Online Stores (Bookfinder.com) Open Library (openlibrary.org)

Exporting to Dublin Core...

SOUTHVILLE LIBRARY

Southville International School and Colleges Library

1281 Tropical Ave. Cor. Luxembourg St., BF Homes International, Las Pinas City

Tel. No. 8256374 / 252358 Loc. 117/146

Powered by Koha